| 000 | 00978cam a2200301 i 4500 | ||
|---|---|---|---|
| 999 |
_c200451271 _d69483 |
||
| 001 | 200451271 | ||
| 003 | TR-AnTOB | ||
| 005 | 20230419114128.0 | ||
| 007 | ta | ||
| 008 | 230110s2022 tu a 000 0 tur d | ||
| 020 | _a9786057197009 | ||
| 040 |
_aTR-AnTOB _beng _erda _cTR-AnTOB |
||
| 041 | 0 | _atur | |
| 050 | 4 |
_aBP163 _b.İ853 2022 |
|
| 090 |
_aBP163 _b.İ853 2022 |
||
| 245 | 1 | 0 |
_aİslam dünyasının geleceği ve Filistin : _bİslam birliği kongresi / _ceditör Dr. Yusuf Yalanız, Dr. Mazlum Ar. |
| 264 | 1 |
_aAnkara : _bİslam Birliği Araştırmaları Merkezi, _c2022. |
|
| 300 |
_a233 pages : _billustrations ; _c24 cm |
||
| 336 |
_2rdacontent _atext _btxt |
||
| 337 |
_2rdamedia _aunmediated _bn |
||
| 338 |
_2rdacarrier _avolume _bnc |
||
| 650 | 7 |
_aİslam _2etuturkob _zFilistin _9126426 |
|
| 653 | _aFilistin | ||
| 700 | 1 |
_aYalanız, Yusuf _9140091 _eeditor |
|
| 700 | 1 |
_aAr, Mazlum _9140092 _eeditor |
|
| 942 |
_2lcc _cBK |
||